[Event "Ukraine Championship-2017 U20 (Boys) R"]
[Site "Lviv"]
[Date "2017.03.01"]
[Round "3.1"]
[White "Shakhov, Mykhailo"]
[Black "Peng, Li Min"]
[Result "0-1"]
[WhiteElo "2086"]
[BlackElo "2368"]
[PlyCount "60"]
[EventDate "2017.03.01"]
[EventType "swiss (rapid)"]
[EventRounds "9"]
[EventCountry "UKR"]

1. e4 g6 2. d4 Bg7 3. Nf3 d6 4. h3 Nf6 5. Bd3 O-O 6. O-O Nc6 7. c3 e5 8. Re1
Nh5 9. Bb5 Bd7 10. Bc4 h6 11. Na3 Qf6 12. Nc2 Rae8 13. dxe5 Nxe5 14. Nxe5 Rxe5
15. Nd4 Rfe8 16. Bd3 c5 17. Nf3 R5e7 18. Bd2 b5 19. Bc2 a5 20. Re2 Bxh3 21. Re1
Bd7 22. Be3 Bc6 23. Nd2 Qh4 24. Nf3 Qf6 25. e5 dxe5 26. Bxc5 Rd7 27. Qe2 Nf4
28. Qe3 Qe6 29. Be4 Bxe4 30. Qxe4 Nd3 0-1

[Event "Ukraine Championship-2017 U20 (Boys) R"]
[Site "Lviv"]
[Date "2017.03.01"]
[Round "3.2"]
[White "Vetoshko, Volodymyr"]
[Black "Lisnyak, Vladislav"]
[Result "1-0"]
[WhiteElo "2350"]
[BlackElo "2089"]
[PlyCount "87"]
[EventDate "2017.03.01"]
[EventType "swiss (rapid)"]
[EventRounds "9"]
[EventCountry "UKR"]

1. e4 c5 2. Nf3 Nc6 3. d4 cxd4 4. Nxd4 Nf6 5. Nc3 e6 6. Ndb5 Bb4 7. a3 Bxc3+ 8.
Nxc3 d5 9. exd5 exd5 10. Bd3 O-O 11. O-O d4 12. Ne4 Bf5 13. Bg5 Bxe4 14. Bxe4
h6 15. Bxf6 Qxf6 16. Re1 Rfe8 17. Qf3 Qxf3 18. Bxf3 Re5 19. Bxc6 Rxe1+ 20. Rxe1
bxc6 21. Re5 a5 22. Kf1 f6 23. Rc5 Rb8 24. Rxa5 Rxb2 25. Rc5 Rb6 26. a4 Kf7 27.
a5 Ra6 28. Ke2 Ke6 29. Kd3 Kd6 30. Kxd4 g6 31. Kc4 Ra8 32. Kd4 Ra7 33. g4 g5
34. Rf5 Ke6 35. Kc4 Ra8 36. Kb4 Rb8+ 37. Kc5 Ra8 38. Kb6 Rb8+ 39. Kc7 Rb2 40.
Rc5 Rb4 41. Rxc6+ Ke5 42. a6 Rxg4 43. a7 Ra4 44. Kb7 1-0

[Event "Ukraine Championship-2017 U20 (Boys) R"]
[Site "Lviv"]
[Date "2017.03.01"]
[Round "3.3"]
[White "Roshka, Yevgeniy"]
[Black "Gayun, Dmytro"]
[Result "0-1"]
[WhiteElo "2299"]
[BlackElo "2066"]
[PlyCount "74"]
[EventDate "2017.03.01"]
[EventType "swiss (rapid)"]
[EventRounds "9"]
[EventCountry "UKR"]

1. Nf3 Nf6 2. g3 g6 3. Bg2 Bg7 4. O-O O-O 5. d3 d5 6. Nbd2 c5 7. e4 dxe4 8.
dxe4 Nc6 9. c3 e5 10. Qc2 Qe7 11. Nc4 b5 12. Ne3 Be6 13. Ng5 Rfd8 14. Nxe6 fxe6
15. a4 a6 16. Qe2 c4 17. Ng4 Nd7 18. h4 h5 19. Bg5 Nf6 20. Ne3 Na5 21. Kh1 Nb3
22. Rad1 Rxd1 23. Rxd1 Rd8 24. Rxd8+ Qxd8 25. axb5 axb5 26. Nxc4 bxc4 27. Qxc4
Qb6 28. Be3 Qb8 29. Qxe6+ Kh7 30. Bf1 Ng4 31. Bb6 Nd2 32. Bd3 Qf8 33. f4 exf4
34. e5 Nxe5 35. Bd4 fxg3 36. Qd5 Nxd3 37. Bxg7 Qf1# 0-1

[Event "Ukraine Championship-2017 U20 (Boys) R"]
[Site "Lviv"]
[Date "2017.03.01"]
[Round "4.2"]
[White "Bakhmatsky, Vladislav"]
[Black "Vetoshko, Volodymyr"]
[Result "1/2-1/2"]
[WhiteElo "2250"]
[BlackElo "2350"]
[PlyCount "129"]
[EventDate "2017.03.01"]
[EventType "swiss (rapid)"]
[EventRounds "9"]
[EventCountry "UKR"]

1. e4 c5 2. Nf3 e6 3. d4 cxd4 4. Nxd4 a6 5. Bd3 Bc5 6. Nb3 Ba7 7. Qg4 Nf6 8.
Qg3 d6 9. Nc3 Nc6 10. Bg5 h6 11. Be3 Nh5 12. Qh3 Bxe3 13. Qxe3 Qg5 14. O-O-O
Qxe3+ 15. fxe3 Ke7 16. a4 Bd7 17. a5 Ne5 18. Be2 Nf6 19. Rd4 Bc6 20. h3 Rac8
21. Rhd1 Rhd8 22. Kb1 Rc7 23. Nd2 Be8 24. Nb3 g5 25. Nc1 Nc6 26. Ra4 Rdc8 27.
Rd2 Nd7 28. Nb3 Nc5 29. Nxc5 dxc5 30. b3 Ne5 31. Ra1 Bc6 32. Kb2 Rd7 33. Rxd7+
Kxd7 34. Rh1 Ke7 35. Rf1 Rd8 36. Kc1 Be8 37. Kb2 Bc6 38. Kc1 Rh8 39. Bh5 Rf8
40. Kb2 f5 41. exf5 Bxg2 42. Rg1 Bxh3 43. fxe6 Bxe6 44. Ne4 c4 45. b4 Bd5 46.
Nc5 Rf2 47. e4 Bc6 48. Kc3 Rh2 49. Kd4 Nd7 50. Nxd7 Kxd7 51. Bg4+ Ke7 52. c3
Rh4 53. Ke5 Bxe4 54. Kxe4 h5 55. Kf5 Rxg4 56. Rh1 Rg3 57. Rxh5 Kd6 58. Rh7 Rxc3
59. Rxb7 Rb3 60. Ke4 g4 61. Kd4 c3 62. Kd3 g3 63. Rg7 Ke5 64. Kc2 Rxb4 65. Rxg3
1/2-1/2

[Event "Ukraine Championship-2017 U20 (Boys) R"]
[Site "Lviv"]
[Date "2017.03.01"]
[Round "4.3"]
[White "Gayun, Dmytro"]
[Black "Soroka, Danylo"]
[Result "1/2-1/2"]
[WhiteElo "2066"]
[BlackElo "2186"]
[PlyCount "67"]
[EventDate "2017.03.01"]
[EventType "swiss (rapid)"]
[EventRounds "9"]
[EventCountry "UKR"]

1. Nf3 Nf6 2. c4 c5 3. Nc3 g6 4. g3 Bg7 5. Bg2 O-O 6. O-O Nc6 7. d3 Rb8 8. a3
a6 9. Rb1 b5 10. cxb5 axb5 11. b4 cxb4 12. axb4 d6 13. e4 Bd7 14. d4 Qc8 15.
Be3 Nxb4 16. Qd2 Na6 17. e5 Ng4 18. Nd5 Qd8 19. Bg5 f6 20. exd6 exd6 21. Qa2
Be6 22. Nxf6+ Nxf6 23. Qxe6+ Kh8 24. Bf4 Rb6 25. Ng5 Qd7 26. Rfe1 Qxe6 27. Rxe6
Ne8 28. Re7 Nac7 29. Rbe1 b4 30. Nf7+ Kg8 31. Nh6+ Kh8 32. Nf7+ Kg8 33. Nh6+
Kh8 34. Nf7+ 1/2-1/2

[Event "Ukraine Championship-2017 U20 (Boys) R"]
[Site "Lviv"]
[Date "2017.03.01"]
[Round "5.1"]
[White "Basko, Bogdan"]
[Black "Peng, Li Min"]
[Result "1-0"]
[WhiteElo "2146"]
[BlackElo "2368"]
[PlyCount "133"]
[EventDate "2017.03.01"]
[EventType "swiss (rapid)"]
[EventRounds "9"]
[EventCountry "UKR"]

1. d4 g6 2. c4 Bg7 3. Nc3 d6 4. e4 e5 5. Be3 exd4 6. Bxd4 Nf6 7. Nf3 O-O 8. Be2
Nc6 9. Be3 Re8 10. Qc2 Bg4 11. h3 Bxf3 12. Bxf3 Nd7 13. Rd1 a6 14. O-O Qb8 15.
Nd5 Nc5 16. Rfe1 Ne6 17. Bg4 Ncd4 18. Qc1 b5 19. cxb5 axb5 20. Bxd4 Nxd4 21.
Nxc7 Rxa2 22. Nxe8 Qxe8 23. e5 Bxe5 24. Rxd4 Qe7 25. Rd2 Qf6 26. Rde2 h5 27.
Bf3 Kg7 28. b3 Ra1 29. Qc6 Ra5 30. Rxe5 dxe5 31. Qxf6+ Kxf6 32. Rc1 Ke6 33.
Rc6+ Kd7 34. Rb6 f5 35. Rxg6 e4 36. Be2 f4 37. Rf6 e3 38. fxe3 fxe3 39. Rf3
Ra1+ 40. Kh2 Kd6 41. Rxe3 h4 42. Bxb5 Kc5 43. Bc4 Kb4 44. Re4 Kc3 45. Rxh4 Ra5
46. Rg4 Rh5 47. h4 Rh6 48. Kh3 Kb4 49. Rg5 Ka3 50. h5 Rd6 51. Rg6 Rd1 52. h6
Rd7 53. Rg7 Rd6 54. h7 Rh6+ 55. Kg4 Kb4 56. Kg5 Rh2 57. g4 Ka5 58. Kg6 Rh4 59.
g5 Rh2 60. Rg8 Rd2 61. h8=Q Rd6+ 62. Qf6 Rd8 63. Qxd8+ Kb4 64. Qd2+ Kc5 65.
Rc8+ Kb6 66. Qd6+ Kb7 67. Qa6# 1-0

[Event "Ukraine Championship-2017 U20 (Boys) R"]
[Site "Lviv"]
[Date "2017.03.01"]
[Round "5.2"]
[White "Vetoshko, Volodymyr"]
[Black "Gayun, Dmytro"]
[Result "1/2-1/2"]
[WhiteElo "2350"]
[BlackElo "2066"]
[PlyCount "101"]
[EventDate "2017.03.01"]
[EventType "swiss (rapid)"]
[EventRounds "9"]
[EventCountry "UKR"]

1. Nf3 Nf6 2. b3 e6 3. Bb2 c5 4. e3 d5 5. Ne5 Nc6 6. Bb5 Bd7 7. Bxc6 Bxc6 8.
Nxc6 bxc6 9. O-O Be7 10. d3 O-O 11. Nd2 Nd7 12. f4 Bf6 13. Qc1 Bxb2 14. Qxb2
Qf6 15. Qxf6 Nxf6 16. Nf3 Nd7 17. Rfd1 f6 18. Kf2 e5 19. fxe5 fxe5 20. Ke2 Rae8
21. Nd2 Nf6 22. Rf1 g6 23. e4 Kg7 24. Rf3 Nd7 25. Raf1 Rxf3 26. Rxf3 a5 27. Nb1
Nb6 28. a4 Rd8 29. Nd2 Rd7 30. c4 d4 31. Rf1 Re7 32. Nf3 Nd7 33. g4 h6 34. Kf2
Re8 35. Kg3 Rf8 36. Nd2 Rb8 37. h3 Rb7 38. Kf2 Rb8 39. Ke2 Rb7 40. Kd1 Rb6 41.
Kc2 Rb8 42. Rf3 Nb6 43. Nf1 Rf8 44. Rxf8 Kxf8 45. Nd2 Ke7 46. Kd1 Ke6 47. Ke2
Nd7 48. Kf3 Kf6 49. h4 g5 50. h5 Nf8 51. Ke2 1/2-1/2

[Event "Ukraine Championship-2017 U20 (Boys) R"]
[Site "Lviv"]
[Date "2017.03.01"]
[Round "5.3"]
[White "Polulikh, Bogdan"]
[Black "Bakhmatsky, Vladislav"]
[Result "1/2-1/2"]
[WhiteElo "2216"]
[BlackElo "2250"]
[PlyCount "128"]
[EventDate "2017.03.01"]
[EventType "swiss (rapid)"]
[EventRounds "9"]
[EventCountry "UKR"]

1. d4 Nf6 2. Nf3 g6 3. Bf4 Bg7 4. e3 d6 5. h3 O-O 6. Be2 b6 7. O-O Bb7 8. Nbd2
Nbd7 9. c3 c5 10. a4 a6 11. a5 b5 12. dxc5 Nxc5 13. Bh2 Nfe4 14. Nxe4 Nxe4 15.
Nd4 Rc8 16. Re1 Qd7 17. Qb3 Nc5 18. Qa3 Be4 19. c4 bxc4 20. Bxc4 Qb7 21. Bf1
Rb8 22. f3 Bd5 23. Rab1 Nb3 24. Nxb3 Bxb3 25. Rec1 Rfc8 26. Rxc8+ Qxc8 27. Re1
Qc2 28. Re2 Qc1 29. Bg3 Be6 30. Qd3 Bc4 31. Rc2 Bxd3 32. Rxc1 Bxb2 33. Rc6 Bxf1
34. Kxf1 Ra8 35. Ke2 Kf8 36. Kd3 Ke8 37. Rb6 Ba3 38. Bh4 Bc5 39. Rb7 f6 40. Be1
Kd8 41. Bb4 Bxb4 42. Rxb4 Kc7 43. Rb6 h5 44. Kd4 Kd7 45. g4 h4 46. f4 e6 47. f5
gxf5 48. gxf5 Rc8 49. Rxa6 exf5 50. Rb6 Rc5 51. a6 Ra5 52. Rb7+ Kc6 53. Rf7
Rxa6 54. Rxf6 Ra5 55. Kd3 Kd7 56. Rh6 Ra4 57. Rf6 f4 58. Rxf4 Rxf4 59. exf4 Ke6
60. Ke4 Kf6 61. Kd5 Kf5 62. Kxd6 Kxf4 63. Kd5 Ke3 64. Kc4 Ke4 1/2-1/2

[Event "Ukraine Championship-2017 U20 (Boys) R"]
[Site "Lviv"]
[Date "2017.03.01"]
[Round "6.1"]
[White "Vetoshko, Volodymyr"]
[Black "Basko, Bogdan"]
[Result "1-0"]
[WhiteElo "2350"]
[BlackElo "2146"]
[PlyCount "83"]
[EventDate "2017.03.01"]
[EventType "swiss (rapid)"]
[EventRounds "9"]
[EventCountry "UKR"]

1. e4 c5 2. Nf3 d6 3. d4 cxd4 4. Nxd4 Nf6 5. f3 g6 6. c4 Bg7 7. Nc3 Nc6 8. Be3
O-O 9. Qd2 Nd7 10. Be2 Nde5 11. O-O a6 12. Rac1 Nxd4 13. Bxd4 Be6 14. b3 Qa5
15. f4 Nc6 16. Bxg7 Kxg7 17. Kh1 Qc5 18. f5 Bd7 19. Nd5 Qd4 20. Qg5 f6 21. Qg3
Qe5 22. Qxe5 fxe5 23. Bg4 Rad8 24. b4 Rf7 25. b5 Nd4 26. bxa6 bxa6 27. Nxe7 h5
28. Bd1 Rxe7 29. f6+ Kf8 30. fxe7+ Kxe7 31. c5 dxc5 32. Rxc5 Kd6 33. Rd5+ Ke6
34. Ba4 Nb5 35. Bb3 Ke7 36. Rxe5+ Kd6 37. Rd5+ Kc7 38. Rc1+ Kb8 39. Ba4 Rc8 40.
Rxc8+ Kxc8 41. Bxb5 Bxb5 42. Rd6 1-0

[Event "Ukraine Championship-2017 U20 (Boys) R"]
[Site "Lviv"]
[Date "2017.03.01"]
[Round "6.2"]
[White "Bakhmatsky, Vladislav"]
[Black "Domalchuk-Jonasson, Aleksandr"]
[Result "1-0"]
[WhiteElo "2250"]
[BlackElo "1634"]
[PlyCount "41"]
[EventDate "2017.03.01"]
[EventType "swiss (rapid)"]
[EventRounds "9"]
[EventCountry "UKR"]

1. e4 c5 2. Nf3 e6 3. d4 cxd4 4. Nxd4 a6 5. Nc3 Qc7 6. Bd3 Bb4 7. Bd2 Nf6 8. a3
Be7 9. O-O O-O 10. Kh1 d6 11. f4 b5 12. Qf3 Bb7 13. Qh3 e5 14. Nf5 g6 15. fxe5
gxf5 16. exf6 Bxf6 17. Rxf5 Bg7 18. e5 Bc8 19. Nd5 Qc5 20. Ne7+ Kh8 21. Qxh7+
1-0

[Event "Ukraine Championship-2017 U20 (Boys) R"]
[Site "Lviv"]
[Date "2017.03.01"]
[Round "6.3"]
[White "Gayun, Dmytro"]
[Black "Polulikh, Bogdan"]
[Result "1-0"]
[WhiteElo "2066"]
[BlackElo "2216"]
[PlyCount "89"]
[EventDate "2017.03.01"]
[EventType "swiss (rapid)"]
[EventRounds "9"]
[EventCountry "UKR"]

1. Nf3 d5 2. e3 Nf6 3. c4 c6 4. Nc3 Bg4 5. d4 e6 6. Qb3 Qb6 7. Ne5 Bf5 8. c5
Qxb3 9. axb3 Nbd7 10. f4 Nxe5 11. fxe5 Nd7 12. b4 f6 13. exf6 gxf6 14. b5 e5
15. b4 Bh6 16. bxc6 bxc6 17. b5 exd4 18. exd4 Bxc1 19. Rxc1 Kf7 20. bxc6 Rhe8+
21. Kf2 Nf8 22. Nxd5 Rac8 23. Ne3 Be4 24. d5 f5 25. Nc4 Bxd5 26. Nd6+ Kf6 27.
Nxe8+ Rxe8 28. Bb5 Ne6 29. Rhe1 Rg8 30. g3 Be4 31. Bc4 Rc8 32. Bxe6 Kxe6 33.
Rcd1 Rxc6 34. Rd6+ Rxd6 35. cxd6 Kxd6 36. Ra1 Ke6 37. Rxa7 h5 38. Ke3 Kf6 39.
Kf4 Bd5 40. Rh7 Kg6 41. Rd7 Be6 42. Rd6 Kf6 43. h4 Ke7 44. Ke5 Bd7 45. Rh6 1-0

[Event "Ukraine Championship-2017 U20 (Boys) R"]
[Site "Lviv"]
[Date "2017.03.01"]
[Round "7.1"]
[White "Soroka, Danylo"]
[Black "Vetoshko, Volodymyr"]
[Result "0-1"]
[WhiteElo "2186"]
[BlackElo "2350"]
[PlyCount "72"]
[EventDate "2017.03.01"]
[EventType "swiss (rapid)"]
[EventRounds "9"]
[EventCountry "UKR"]

1. d4 Nf6 2. c4 e6 3. Nf3 c5 4. d5 b5 5. dxe6 fxe6 6. cxb5 d5 7. g3 Bd6 8. Bg2
a6 9. bxa6 O-O 10. O-O Bxa6 11. Bg5 h6 12. Bxf6 Qxf6 13. Nc3 Kh8 14. Qd2 Nc6
15. Rad1 Rab8 16. Rfe1 Nd4 17. b3 Bc7 18. Na4 Rb5 19. Nxd4 Ba5 20. Qf4 Qxf4 21.
gxf4 cxd4 22. Rf1 Rxf4 23. e3 dxe3 24. fxe3 Rg4 25. h3 Rg5 26. Rf8+ Kh7 27. Kf2
Bb4 28. Rf7 Rb8 29. h4 Re5 30. Ra7 Rf8+ 31. Kg1 Be2 32. Rc1 Bd2 33. Rcc7 Bxe3+
34. Kh2 Bxa7 35. Rxa7 Bf3 36. Nc3 d4 0-1

[Event "Ukraine Championship-2017 U20 (Boys) R"]
[Site "Lviv"]
[Date "2017.03.01"]
[Round "7.2"]
[White "Lisnyak, Vladislav"]
[Black "Bakhmatsky, Vladislav"]
[Result "0-1"]
[WhiteElo "2089"]
[BlackElo "2250"]
[PlyCount "131"]
[EventDate "2017.03.01"]
[EventType "swiss (rapid)"]
[EventRounds "9"]
[EventCountry "UKR"]

1. e4 c5 2. c3 Nf6 3. e5 Nd5 4. d4 cxd4 5. cxd4 d6 6. Nf3 Nc6 7. Bc4 dxe5 8.
Nxe5 e6 9. Nxc6 bxc6 10. O-O Bd6 11. Nc3 O-O 12. Re1 Nxc3 13. bxc3 Qa5 14. Qc2
Ba6 15. Bxa6 Qxa6 16. Be3 Rab8 17. Rab1 Qc4 18. Rb3 Rb5 19. Reb1 Rfb8 20. d5
exd5 21. Bxa7 Ra8 22. Be3 Rba5 23. R1b2 g6 24. g3 h5 25. Bd4 c5 26. Bf6 R5a6
27. Qd2 Bxg3 28. hxg3 Rxf6 29. Rb8+ Rxb8 30. Rxb8+ Kg7 31. Rd8 Rf5 32. Qe3 Qxa2
33. Qxc5 Qb1+ 34. Kh2 Qe4 35. Qf8+ Kf6 36. Qd6+ Kg5 37. Qc5 Qe2 38. Qe3+ Qxe3
39. fxe3 Re5 40. Kg2 Rxe3 41. Rxd5+ f5 42. Rc5 Rd3 43. Rc6 Rd2+ 44. Kf3 Rd3+
45. Kg2 Rd7 46. c4 Rd3 47. c5 Rc3 48. Kf2 Rc4 49. Kf3 h4 50. gxh4+ Rxh4 51. Rd6
Rc4 52. c6 Rc3+ 53. Kf2 Kh5 54. Ke2 g5 55. Kd2 Rc5 56. Kd3 f4 57. Kd4 Rc1 58.
Kd5 f3 59. Rf6 g4 60. Kd6 Kh4 61. Kd7 Kh3 62. c7 Rxc7+ 63. Kxc7 Kg2 64. Kd6 f2
65. Ke5 g3 66. Kd4 0-1

[Event "Ukraine Championship-2017 U20 (Boys) R"]
[Site "Lviv"]
[Date "2017.03.01"]
[Round "7.3"]
[White "Basko, Bogdan"]
[Black "Gayun, Dmytro"]
[Result "0-1"]
[WhiteElo "2146"]
[BlackElo "2066"]
[Annotator ",Àäìèíèñòðàòîð"]
[PlyCount "72"]
[EventDate "2017.03.01"]
[EventType "swiss (rapid)"]
[EventRounds "9"]
[EventCountry "UKR"]

1. d4 Nf6 2. Nf3 e6 3. Bg5 Be7 4. c4 d5 5. Nc3 O-O 6. e3 Nbd7 7. Qc2 b6 8. cxd5
exd5 9. Bd3 Bb7 10. O-O-O Ne4 11. h4 f5 12. Bf4 c5 13. dxc5 Rc8 14. Bxe4 fxe4
15. Ne5 Nxe5 16. Bxe5 Bxc5 17. Kb1 Qe8 18. Bd4 Qf7 19. Rhf1 Ba6 20. Bxc5 Rxc5
21. f3 Bxf1 22. Rxf1 Qe7 23. h5 exf3 24. gxf3 Qxe3 25. Qg2 Qd3+ 26. Ka1 Rxc3
27. bxc3 Qxc3+ 28. Qb2 Qxb2+ 29. Kxb2 Rf5 30. h6 gxh6 31. Kc3 Rf4 32. Kd3 Kf7
33. Ke3 Ra4 34. Rf2 Kf6 35. Rd2 Ke5 36. Rh2 Ra3+ 0-1

[Event "Ukraine Championship-2017 U20 (Boys) R"]
[Site "Lviv"]
[Date "2017.03.01"]
[Round "8.1"]
[White "Bakhmatsky, Vladislav"]
[Black "Gayun, Dmytro"]
[Result "1-0"]
[WhiteElo "2250"]
[BlackElo "2066"]
[PlyCount "161"]
[EventDate "2017.03.01"]
[EventType "swiss (rapid)"]
[EventRounds "9"]
[EventCountry "UKR"]

1. e4 Nf6 2. e5 Nd5 3. d4 d6 4. Nf3 Bg4 5. Be2 g6 6. h3 Bxf3 7. Bxf3 c6 8. O-O
dxe5 9. dxe5 Bg7 10. Qe2 e6 11. c4 Nb6 12. b3 N8d7 13. Bb2 Qg5 14. Re1 O-O 15.
g3 Rfd8 16. Bc3 Nc5 17. Nd2 Qf5 18. Bg4 Qd3 19. Rac1 h5 20. Bf3 Qxe2 21. Bxe2
Nd3 22. Bxd3 Rxd3 23. Ne4 Rad8 24. Nc5 Rf3 25. Kg2 Rf5 26. Nxb7 Rd3 27. Re2 h4
28. Nc5 Rd8 29. g4 Rf4 30. Ne4 Rd3 31. Bd2 Rxe4 32. Rxe4 Rxd2 33. a4 c5 34. b4
Nd7 35. b5 Bxe5 36. Rce1 Bd4 37. R4e2 Rd3 38. Ra2 Bc3 39. Re3 Rxe3 40. fxe3 Ba5
41. Kf3 Ne5+ 42. Ke2 Nxc4 43. Rc2 Nb6 44. Rxc5 Nxa4 45. Rc4 Nc3+ 46. Kf3 g5 47.
Rc5 Nd5 48. e4 Ne7 49. Rxg5+ Kf8 50. Rc5 Bb6 51. Rc3 Ng6 52. g5 Ke7 53. Kg4 f6
54. Rc8 fxg5 55. Kxg5 Kf7 56. Rb8 Be3+ 57. Kh5 Bf2 58. Kg5 Be3+ 59. Kg4 Kf6 60.
Kf3 Bb6 61. Rg8 Ne5+ 62. Kf4 Ng6+ 63. Kg4 Bf2 64. Kh5 Nf4+ 65. Kg4 Ng6 66. Kh5
Nf4+ 67. Kg4 Ke5 68. Kf3 Bc5 69. Rg5+ Kf6 70. Rxc5 Nxh3 71. Rc7 Ng5+ 72. Kf4
e5+ 73. Ke3 Ne6 74. Rxa7 h3 75. b6 Nc5 76. b7 h2 77. b8=Q h1=Q 78. Qd6+ Ne6 79.
Qe7+ Kg6 80. Qxe6+ Kg5 81. Rg7+ 1-0

[Event "Ukraine Championship-2017 U20 (Boys) R"]
[Site "Lviv"]
[Date "2017.03.01"]
[Round "8.2"]
[White "Yelisieiev, Yevhenii"]
[Black "Vetoshko, Volodymyr"]
[Result "0-1"]
[WhiteElo "2165"]
[BlackElo "2350"]
[PlyCount "112"]
[EventDate "2017.03.01"]
[EventType "swiss (rapid)"]
[EventRounds "9"]
[EventCountry "UKR"]

1. d4 Nf6 2. Nf3 c5 3. d5 b5 4. c4 Bb7 5. Qc2 bxc4 6. e4 e6 7. Bxc4 exd5 8.
exd5 Be7 9. Nc3 O-O 10. O-O d6 11. Re1 Nbd7 12. Bg5 Nb6 13. Qd3 Nxc4 14. Qxc4
Nxd5 15. Nxd5 Bxg5 16. Rad1 Bf6 17. b3 Bxd5 18. Qxd5 Qa5 19. Re2 Rad8 20. h3 h6
21. Rde1 Qa6 22. Rc2 Rfe8 23. Rxe8+ Rxe8 24. a4 g6 25. Rc4 Kg7 26. Re4 Rxe4 27.
Qxe4 Qc8 28. Qd5 Qe6 29. Qb7 a5 30. Qb6 Bc3 31. Qb5 Bb4 32. Qd3 d5 33. Qc2 Qe4
34. Qb2+ d4 35. Qc1 Bc3 36. Kh2 Qe2 37. Kg3 Qe6 38. Qf4 d3 39. Qc1 Qd6+ 40. Qf4
Qxf4+ 41. Kxf4 d2 42. Nxd2 Bxd2+ 43. Ke5 Bb4 44. g4 Kf8 45. Kd5 Ke7 46. Ke5 Be1
47. f3 Bc3+ 48. Kd5 Bd4 49. Kc6 Ke6 50. Kb5 Bc3 51. Kxc5 Ke5 52. Kc4 Bb4 53.
Kd3 Kf4 54. Ke2 Bc5 55. h4 f6 56. h5 g5 0-1

[Event "Ukraine Championship-2017 U20 (Boys) R"]
[Site "Lviv"]
[Date "2017.03.01"]
[Round "8.3"]
[White "Peng, Li Min"]
[Black "Lisnyak, Vladislav"]
[Result "1-0"]
[WhiteElo "2368"]
[BlackElo "2089"]
[PlyCount "74"]
[EventDate "2017.03.01"]
[EventType "swiss (rapid)"]
[EventRounds "9"]
[EventCountry "UKR"]

1. b3 e5 2. Bb2 d6 3. e3 Nf6 4. g3 Nbd7 5. Bg2 g6 6. Ne2 Bg7 7. O-O O-O 8. c4
c6 9. d4 Qc7 10. Nbc3 Ne8 11. dxe5 dxe5 12. Ba3 c5 13. Nd5 Qd6 14. Nec3 f5 15.
Nb5 Qb8 16. Ne7+ Kh8 17. Nxc8 Qxc8 18. Qd5 e4 19. Rad1 Nef6 20. Qd6 a6 21. Nc7
Rb8 22. Ne6 Rf7 23. Ng5 Rf8 24. Bb2 Qe8 25. Ne6 Rf7 26. Nxc5 Nxc5 27. Qxc5 Nd7
28. Bxg7+ Kxg7 29. Qd4+ Ne5 30. f4 exf3 31. Bxf3 Rd7 32. Bd5 Kh6 33. e4 Ng4 34.
h3 Ne5 35. exf5 g5 36. f6 Rbd8 37. f7 Qe7 1-0

[Event "Ukraine Championship-2017 U20 (Boys) R"]
[Site "Lviv"]
[Date "2017.03.01"]
[Round "9.1"]
[White "Vetoshko, Volodymyr"]
[Black "Peng, Li Min"]
[Result "1-0"]
[WhiteElo "2350"]
[BlackElo "2368"]
[Annotator ",Àäìèíèñòðàòîð"]
[PlyCount "111"]
[EventDate "2017.03.01"]
[EventType "swiss (rapid)"]
[EventRounds "9"]
[EventCountry "UKR"]

1. e4 g6 2. d4 Bg7 3. Nc3 d6 4. f4 a6 5. Nf3 b5 6. Bd3 Nd7 7. e5 c5 8. Be4 Rb8
9. O-O cxd4 10. Nxd4 dxe5 11. Nc6 Qb6+ 12. Kh1 Ngf6 13. Nxb8 Qxb8 14. Bd3 O-O
15. fxe5 Nxe5 16. Bf4 Nh5 17. Be3 Ng4 18. Bg1 Bd4 19. Rf3 Bb7 20. Be4 Bxg1 21.
Qxg1 b4 22. Nd5 Qe5 23. Nf6+ exf6 24. Bxb7 Nf4 25. Bxa6 Re8 26. Raf1 g5 27. c3
bxc3 28. Rxc3 Qd6 29. Bc4 Qd2 30. Rg3 h5 31. h3 Ne5 32. Qe3 Nxc4 33. Qxe8+ Kg7
34. Qe4 Ne2 35. Rd3 Qc2 36. Kh2 Ne5 37. Re3 Qc7 38. Kh1 Nf4 39. Rxf4 gxf4 40.
Qxf4 Qc1+ 41. Kh2 Qxb2 42. Rg3+ Ng6 43. Qc4 Qe5 44. h4 Kf8 45. Qc3 Qf4 46. Qc5+
Kg7 47. Qxh5 Qd6 48. Qg4 Kf8 49. Qc8+ Ke7 50. Qb7+ Kf8 51. Qa8+ Ke7 52. Qa3
Nxh4 53. Qxd6+ Kxd6 54. a4 Kc5 55. Rb3 Nf5 56. Rb5+ 1-0

[Event "Ukraine Championship-2017 U20 (Boys) R"]
[Site "Lviv"]
[Date "2017.03.01"]
[Round "9.2"]
[White "Soroka, Danylo"]
[Black "Bakhmatsky, Vladislav"]
[Result "0-1"]
[WhiteElo "2186"]
[BlackElo "2250"]
[PlyCount "84"]
[EventDate "2017.03.01"]
[EventType "swiss (rapid)"]
[EventRounds "9"]
[EventCountry "UKR"]

1. d4 Nf6 2. c4 g6 3. Nc3 d5 4. cxd5 Nxd5 5. e4 Nxc3 6. bxc3 Bg7 7. Nf3 c5 8.
Rb1 O-O 9. Be2 b6 10. O-O Qc7 11. Bg5 Nc6 12. d5 Ne5 13. Ne1 f5 14. exf5 Bxf5
15. Rc1 c4 16. f4 Nf7 17. Bh4 Rad8 18. Qa4 Nd6 19. Bf3 Be4 20. Qc6 Qxc6 21.
dxc6 Bxf3 22. Nxf3 Nf5 23. Ng5 Nxh4 24. Ne6 Nf5 25. c7 Rc8 26. Rcd1 Nd6 27.
Rfe1 Bf6 28. g4 Kf7 29. Re3 Rfe8 30. g5 Bg7 31. Rd5 Nf5 32. Re4 Bxc3 33. Rd7
Nd6 34. Re2 b5 35. Nd8+ Kf8 36. Ne6+ Kg8 37. Nd8 Ba5 38. Nc6 Bb6+ 39. Kg2 Rxc7
40. Nxe7+ Kf7 41. Rxd6 Rcxe7 42. Rf6+ Kg7 0-1

[Event "Ukraine Championship-2017 U20 (Boys) R"]
[Site "Lviv"]
[Date "2017.03.01"]
[Round "9.3"]
[White "Gayun, Dmytro"]
[Black "Kyrychenko, Maryan"]
[Result "1/2-1/2"]
[WhiteElo "2066"]
[BlackElo "2000"]
[PlyCount "80"]
[EventDate "2017.03.01"]
[EventType "swiss (rapid)"]
[EventRounds "9"]
[EventCountry "UKR"]

1. Nf3 Nf6 2. c4 b6 3. g3 Bb7 4. Bg2 e6 5. O-O Be7 6. Nc3 O-O 7. d3 d5 8. Bf4
Nh5 9. cxd5 Nxf4 10. gxf4 exd5 11. e4 dxe4 12. dxe4 c5 13. Qxd8 Rxd8 14. Rfd1
Na6 15. a3 Nc7 16. f5 f6 17. Nd2 b5 18. Nb3 b4 19. axb4 cxb4 20. Nd5 Nxd5 21.
exd5 Bd6 22. Nd4 Be5 23. Ne6 Rd6 24. Rac1 Rc8 25. Rxc8+ Bxc8 26. Rc1 Ba6 27. b3
Bc3 28. Nc5 Be5 29. Ne4 Rd7 30. Rc5 Bb7 31. Rb5 Bxd5 32. Nxf6+ gxf6 33. Bxd5+
Kg7 34. Be6 Rd1+ 35. Kg2 Rd4 36. Rb7+ Kh6 37. Rxa7 Rg4+ 38. Kf3 Rf4+ 39. Kg2
Rxf2+ 40. Kxf2 Bd4+ 1/2-1/2